000 01048nam a22003257a 4500
003 CHAP
005 20220329134955.0
008 971013s1978 r 00010 d
010 _a28910
011 _a29882
035 _a33993
040 _cCHAP
082 _a631.45
_bL4
100 0 0 _aLeeper, Geoffrey Wintrhrop.
_965617
245 _aManaging the heavy metals on the land
260 _aNew York :
_bDekker,
_c1978
300 _a121 p.
490 _aPollution engineering and technology
_v; 6
590 _aBATCH-UPD
_b10
_c20130110
_lUCH01
_h1924
590 _aBATCH-UPD
_b10
_c20130410
_lUCH01
_h1249
590 _aBATCH-UPD
_b10
_c20130914
_lUCH01
_h0103
590 _aCONVERSION
_b10
_c20130109
_lUCH01
_h1317
650 1 4 _aAguas residuales para irrigación.
_92591
650 1 4 _aMetales
_xEfecto en plantas.
_975166
650 1 4 _aSuelos
_xContaminación.
_9110327
830 0 _aPollution engineering and technology
_v; 6
_990274
901 _aBK
942 _cLIBRO
949 _a631.45 L4
_bBC
_cLIBRO
_d-78816
_eLIBRO
_h48216
_i33993
_sm
_t447.00
999 _c28910
_d28910